000 00378nam a22001697a 4500
005 20160618151124.0
008 160618b xxu||||| |||| 00| 0 eng d
020 _a81-203-2238-X
041 _aeng
082 _b8187
100 _aSchieser, rich
_92245
245 _aIT Systems Management
260 _bPHI
_c2002
300 _a473
650 _aManagement
_9241
942 _cBK
999 _c3141
_d3140